Statistics for Real Madrid CF Squad 2019-20

Click here to take the quiz!

General Stats

  • This quiz has been taken 50 times
  • The average score is 23 of 26

Answer Stats

Squad NumberPositionNationalityPlayer% Correct
4CBSpanishSergio Ramos
98%
2RBSpanishDani Carvajal
96%
12LBBrazilianMarcelo
96%
5CBFrenchRaphaël Varane
96%
14DMBrazilianCasemiro
94%
7LWBelgianEden Hazard
94%
11RWWelshGareth Bale
94%
9FWFrenchKarim Benzema
94%
13GKBelgianThibaut Courtois
94%
8CMGermanToni Kroos
94%
25FWBrazilianVinícius Júnior
94%
16AMColombianJames Rodríguez
92%
10CMCroatianLuka Modrić
92%
-ManagerFrenchZinedine Zidane
92%
18FWSerbianLuka Jović
90%
22AMSpanishIsco
88%
3CBBrazilianÉder Militão
85%
15CMUruguayanFederico Valverde
85%
23LBFrenchFerland Mendy
85%
27LWBrazilianRodrygo
85%
1GKFrenchAlphonse Areola
83%
17RWSpanishLucas Vázquez
79%
20AMSpanishMarco Asensio
79%
24FWDominicanMariano
77%
6LBSpanishNacho Fernandez
71%
21CMSpanishBrahim Díaz
50%

Score Distribution

Percentile by Number Answered

Percent of People with Each Score

Your Score History

You have not taken this quiz